000 00410nam a2200169Ia 4500
003 LK-CoDNM
005 20240502153629.0
008 010623t1937 xxu||||| |||| 00| 1 sin d
040 _aLK-CoDNM
_dLK-CoDNM
_eLK-CoDNM
041 _asin
080 _aඩ2
245 _aබෞද්ධ බලය
246 _aBauddha Balaya
260 _bK.D.Sumanasekara
_aKandy
_c1935
300 _b106p.,27 cm
942 _cBK
999 _c98633
_d98633